ELEMENTSOF INTERNATIONAL BUSINESS (Record no. 2571)
[ view plain ]
| 000 -LEADER | |
|---|---|
| fixed length control field | 00364nam a2200157Ia 4500 |
| 003 - CONTROL NUMBER IDENTIFIER | |
| control field | OSt |
| 005 - DATE AND TIME OF LATEST TRANSACTION | |
| control field | 20240110155629.0 |
| 008 - FIXED-LENGTH DATA ELEMENTS--GENERAL INFORMATION | |
| fixed length control field | 170524s9999 xx 000 0 und d |
| 020 ## - INTERNATIONAL STANDARD BOOK NUMBER | |
| International Standard Book Number | 9788126506941 |
| 040 ## - CATALOGING SOURCE | |
| Transcribing agency | iimt university meerut |
| 100 ## - MAIN ENTRY--PERSONAL NAME | |
| Personal name | Chary.S.N. |
| 100 ## - MAIN ENTRY--PERSONAL NAME | |
| Titles and words associated with a name | 2010 |
| 245 #0 - TITLE STATEMENT | |
| Title | ELEMENTSOF INTERNATIONAL BUSINESS |
| 260 ## - PUBLICATION, DISTRIBUTION, ETC. | |
| Place of publication, distribution, etc. | WILEY |
| 942 ## - ADDED ENTRY ELEMENTS (KOHA) | |
| Source of classification or shelving scheme | |
| Koha item type | Book Bank |
| Withdrawn status | Lost status | Source of classification or shelving scheme | Damaged status | Not for loan | Home library | Current library | Date acquired | Coded location qualifier | Barcode | Date last seen | Uniform Resource Identifier | Price effective from | Koha item type | Public note | Total Checkouts | Date last checked out |
|---|---|---|---|---|---|---|---|---|---|---|---|---|---|---|---|---|
| IIMT University Central Library Meerut | IIMT University Central Library Meerut | 05/31/2017 | Dept. MBA | 01-B-19932 | 05/31/2017 | INTERNATIONAL BUSINESS | 05/31/2017 | Book Bank | ||||||||
| IIMT University Central Library Meerut | IIMT University Central Library Meerut | 05/31/2017 | 01-B-19933 | 05/31/2017 | INTERNATIONAL BUSINESS | 05/31/2017 | Book Bank | |||||||||
| IIMT University Central Library Meerut | IIMT University Central Library Meerut | 05/31/2017 | 01-B-19934 | 05/31/2017 | INTERNATIONAL BUSINESS | 05/31/2017 | Book Bank | |||||||||
| IIMT University Central Library Meerut | IIMT University Central Library Meerut | 05/31/2017 | 01-B-19935 | 02/01/2019 | INTERNATIONAL BUSINESS | 05/31/2017 | Book Bank | 1 | 02/01/2019 | |||||||
| IIMT University Central Library Meerut | IIMT University Central Library Meerut | 05/31/2017 | 01-B-19936 | 05/31/2017 | INTERNATIONAL BUSINESS | 05/31/2017 | Book Bank |

